Statistiques concernant Personnages du Superflame Universe - Extrême

Cliquez ici pour prendre le quiz!

Statistiques générales

  • Ce quiz a été pris 3 fois
  • Le résultat moyen est 9 sur 14

Statistiques - réponses

IndicePersonnage% Correct
Fils de BoglovAlexei
100%
Animateur radioJean-Jacques Bardin
100%
Chien d'attaque "DPA K932"Patapouf
100%
Petit démon obèseRatafion
100%
Sniper fan de headshotsAntoine
67%
Colonel slave de la DPAAntonov
67%
Eleveuse de huskiesCaspian
67%
Professeure restée en EgadiaEmilie Lorne
67%
Lieutenant-colonel, DPA 025, ami d'enfance de SattlerKarl Wooden
67%
Il légua la porte à AndrewRupert Cromwell
67%
Jeune scientifique de la DPAEmma Burrows
33%
Gardien de LockwaterUlrich Popov
33%
Prisonnier au bon fondAllan Williams
0%
Commissaire de Pic au VentBreo
0%

Distribution des résultats

Percentile par nombre de réponses

% des personnes avec chaque résultat

Votre développement - résultats

Vous n’avez pas pris ce quiz